Среди книг и их друзей; I. Из воспоминаний и заметок библиофила; II. Русские книжные росписи XVIII века. Библиографический обзор

التفاصيل البيبلوغرافية
المؤلف الرئيسي: Ульянинский Д. В. Дмитрий Васильевич
مؤلفون آخرون: Безъязычный Вл. (автор предисловия), Крючков В. А. (художник)
الملخص:Вых дан ориг.: М.: Тип. "А. Н. Иванов и Ко", 1903
اللغة:الروسية
منشور في: Москва, Книга, 1979
الطبعة:Репр. изд.
TOC:I. Из воспоминаний и заметок библиофила;
II. Русские книжные росписи XVIII века. Библиографический обзор;
سلاسل:Библиофильские редкости
الموضوعات:
التنسيق: كتاب
KOHA link:https://koha.lib.tpu.ru/cgi-bin/koha/opac-detail.pl?biblionumber=184973

MARC

LEADER 00000nam0a2200000 4500
001 184973
005 20231101223902.0
035 |a (RuTPU)RU\TPU\book\200608 
090 |a 184973 
100 |a 20100928e1979 m y0rusy50 ca 
101 0 |a rus 
102 |a RU 
105 |a a z 001zb 
200 1 |a Среди книг и их друзей  |f Д. В. Ульянинский  |g авт. предисл. Вл. Безъязычный ; худ. серии В. А. Крючков 
205 |a Репр. изд. 
210 |a Москва  |c Книга  |d 1979 
215 |a [6], 138 с.  |c ил.  |d 26 см. 
225 1 |a Библиофильские редкости 
300 |a Вых дан ориг.: М.: Тип. "А. Н. Иванов и Ко", 1903 
320 |a Постраничные примечания. 
464 |t I. Из воспоминаний и заметок библиофила 
464 |t II. Русские книжные росписи XVIII века. Библиографический обзор 
600 1 |a Ульянинский  |b Д. В.  |c российский библиограф  |c библиофил  |f 1861-1918  |g Дмитрий Васильевич  |2 stltpush  |3 (RuTPU)RU\TPU\pers\26909  |9 12526 
610 1 |a библиофильство 
610 1 |a воспоминания 
610 1 |a реестры 
610 1 |a книжные росписи 
610 1 |a редкие книги 
675 |a 002  |v 3 
675 |a 09  |v 3 
686 |a Ч611  |v LBC/SL-A  |2 rubbk 
700 1 |a Ульянинский  |b Д. В.  |c российский библиограф  |c библиофил  |f 1861-1918  |g Дмитрий Васильевич  |2 stltpush  |3 (RuTPU)RU\TPU\pers\26909  |9 12526 
702 1 |a Безъязычный  |b Вл.  |4 080 
702 1 |a Крючков  |b В. А.  |4 040 
801 1 |a RU  |b 63413507  |c 20100928 
801 2 |a RU  |b 63413507  |c 20101007  |g RCR 
942 |c BK